00838na a2200265 450000100060000000300080000600500170001400800410003102000180007203500100009004000250010004100080012508200240013309000230015710000190018024500610019926000340026030000190029450000360031365000460034965000440039594200130043995201050045299900150055719819MIRAKIL20181213155244.0161227b tu 000 0  a9789752205086 a19819 aMilasbturcTR-AnCHP atur a320.9561bS28u 2014 a320.9561 S28u 2014 aSavaş, Vural aUlusalcı mı milliyetçi i olmalıyız?cVural Savaş aAnkarabBilgi Yayınevic2014 a332 s.c20 sm. aYapıt yazarından imzalıdır. aSiyasal durumxMilliyetçilikzTürkiye aSiyasal durumxUlusalcılıkzTürkiye 2ddccBKS a0001b0001d2016-12-27e2l0o320.9561 S28u 2014p010318r2016-12-27 00:00:00v0.00w2016-12-27yBKS c9377d9377